000 00295nam a2200109Ia 4500
001 588810
005 20250717120838.0
008 250717s9999 xx 000 0 und d
245 0 _aV-14 HAMMİT KIRMIZI BAŞLIKLI SOSİ
_cM.SALİH SIRMAÇEKİÇ
260 _bTİMAŞ YAYINLARI
_c2016
300 _b120
999 _c588810
_d588810